00540nam a2200145 i 4500001000300000100002400003245014400027260001700171700002700188700002400215040000800239041000800247008004100255856009800296bg1 aOLEJNIK, Nikolaj N. 0aSoprotivlenie ustalosti materialov i detalej masin v korrozionnych sredach /cNikolaj N. Oleinik, Anatolij N. Magdenko, Svetlana L. Skljar. aKiev,c1987.1 aMAGDENKO, Aanatolij N.1 aSKLJAR, Svetlana L. cBPK apol s pl f |000 0 pol  uhttp://koha.tu.koszalin.pl/cgi-bin/koha/opac-detail.pl?biblionumber=23608yKatalog online BPK